[Event "Planas mem"]
[Site "Kelowna CAN"]
[Date "2004.08.08"]
[Round "5.2"]
[White "Phonchiangkwong, Sumon Chai"]
[Black "Tomashewski, Peter"]
[Result "1-0"]
[WhiteElo "1936"]
[BlackElo "1776"]
[PlyCount "79"]
[GameId "2160767911086390"]
[EventDate "2004.08.07"]
[EventType "swiss"]
[EventRounds "5"]
[EventCountry "CAN"]

1. e4 d5 2. exd5 Qxd5 3. Nf3 Nf6 4. d4 c6 5. c4 Qa5+ 6. Bd2 Qd8 7. Bd3 g6 8. O-O Bg7 9. h3 O-O 10. Nc3 Na6 11. Rc1 Nc7 12. Re1 Bd7 13. Qe2 Re8 14. Ne5 Be6 15. Be3 Nd7 16. Nf3 Nf6 17. b3 a6 18. a4 Bd7 19. a5 Ne6 20. b4 Bc8 21. Na4 Nh5 22. Qd2 Nxd4 23. Nxd4 Bxd4 24. Bxd4 Qxd4 25. Re4 Qg7 26. Rce1 Be6 27. Nc5 Bc8 28. Rxe7 Rxe7 29. Rxe7 Qf8 30. Qe3 Nf6 31. Qe5 Kg7 32. Ne4 Be6 33. Qxf6+ Kg8 34. Qh4 Qg7 35. Nf6+ Kf8 36. Nxh7+ Kg8 37. Nf6+ Kf8 38. Rxb7 Bf5 39. Qd4 Bxd3 40. Qd6# 1-0

[Event "Planas mem"]
[Site "Kelowna CAN"]
[Date "2004.08.08"]
[Round "5.8"]
[White "Rice, Grant"]
[Black "Meyer, Mark"]
[Result "1-0"]
[WhiteElo "1659"]
[BlackElo "730"]
[PlyCount "62"]
[GameId "2160767911086391"]
[EventDate "2004.08.07"]
[EventType "swiss"]
[EventRounds "5"]
[EventCountry "CAN"]

1. e4 c5 2. Bc4 d6 3. Nf3 Nf6 4. Nc3 Nc6 5. d3 Bg4 6. Bg5 a6 7. h3 Bh5 8. g4 Bg6 9. Qe2 b5 10. Bd5 Rc8 11. Nb1 Nxd5 12. exd5 Na5 13. O-O c4 14. dxc4 Rxc4 15. b3 Rxc2 16. Qd1 Qc7 17. Na3 Rc3 18. Qe2 Bd3 19. Qe3 Bxf1 20. Qe1 Rxf3 21. Rc1 Qb7 22. Qe4 Rd3 23. Rxf1 Qxd5 24. Qf4 Rxh3 25. f3 h6 26. Qc1 Nb7 27. Qc8+ Nd8 28. Rc1 hxg5 29. Rc7 Rh1+ 30. Kf2 Qd2+ 31. Kg3 R8h3# 1-0

[Event "Quebec City-ch"]
[Site "Quebec CAN"]
[Date "2004.01.16"]
[Round "1"]
[White "Auger, Bertrand"]
[Black "Plante, Rejean"]
[Result "0-1"]
[WhiteElo "2098"]
[BlackElo "2151"]
[PlyCount "82"]
[GameId "2160767911209123"]
[EventDate "2004.01.??"]
[EventType "tourn"]
[EventRounds "7"]
[EventCountry "CAN"]
[SourceTitle "EXT 2005"]
[Source "ChessBase"]
[SourceDate "2004.11.15"]
[SourceVersion "1"]
[SourceVersionDate "2004.11.15"]
[SourceQuality "1"]

1. Nf3 d5 2. g3 c6 3. b3 Nf6 4. Bg2 Bg4 5. Bb2 e6 6. O-O Nbd7 7. d3 Bd6 8. c4 O-O 9. Nbd2 Qe7 10. a3 a5 11. Qb1 b5 12. cxd5 cxd5 13. Nd4 b4 14. Nc6 Qe8 15. axb4 axb4 16. Nd4 Rxa1 17. Qxa1 Qa8 18. h3 Bh5 19. g4 Bg6 20. N2f3 Qb7 21. Qa4 Ra8 22. Qb5 Qxb5 23. Nxb5 Bf8 24. Ra1 Rxa1+ 25. Bxa1 Nc5 26. Nd2 Nfd7 27. h4 h6 28. h5 Bh7 29. Bd4 Be7 30. f4 Kf8 31. Na7 Bd6 32. Be3 d4 33. Bxd4 Bxf4 34. e3 Bg5 35. Nf3 Nxb3 36. Nxg5 hxg5 37. Nc6 Nxd4 38. Nxd4 Bxd3 39. Bf3 Nc5 40. Be2 Bxe2 41. Nxe2 b3 0-1

[Event "Quebec City-ch"]
[Site "Quebec CAN"]
[Date "2004.01.16"]
[Round "1"]
[White "Caire, Francois"]
[Black "Tremblay, Rejean"]
[Result "0-1"]
[WhiteElo "2075"]
[BlackElo "2200"]
[PlyCount "88"]
[GameId "2160767911209124"]
[EventDate "2004.01.??"]
[EventType "tourn"]
[EventRounds "7"]
[EventCountry "CAN"]
[SourceTitle "EXT 2005"]
[Source "ChessBase"]
[SourceDate "2004.11.15"]
[SourceVersion "1"]
[SourceVersionDate "2004.11.15"]
[SourceQuality "1"]

1. d4 Nf6 2. c4 g6 3. Nc3 Bg7 4. e4 d6 5. f4 O-O 6. Nf3 c5 7. Be2 cxd4 8. Nxd4 Nc6 9. Be3 Bd7 10. O-O Qa5 11. Nb3 Qd8 12. h3 Na5 13. Nxa5 Qxa5 14. c5 Bc6 15. cxd6 exd6 16. Bf3 Rfe8 17. Qd3 Rad8 18. Rfd1 Rd7 19. Bd4 Qb4 20. Nd5 Nxd5 21. exd5 Bb5 22. Qc3 Qxc3 23. bxc3 Bxd4+ 24. Rxd4 Rc7 25. Rb4 Ba6 26. Rc1 Re3 27. Rb3 Bc4 28. Ra3 b6 29. Ra4 Bb5 30. Rb4 Bd7 31. Rb3 Rd3 32. Ra3 Bxh3 33. Kf2 Bd7 34. Be4 Rd2+ 35. Ke3 Rb2 36. c4 Bg4 37. g3 h5 38. Rcc3 Re7 39. Kd4 Rd2+ 40. Rd3 Rxe4+ 41. Kxe4 Bf5+ 42. Kd4 Rxd3+ 43. Rxd3 Bxd3 44. Kxd3 Kf8 0-1

[Event "Quebec City-ch"]
[Site "Quebec CAN"]
[Date "2004.01.16"]
[Round "1"]
[White "Gaspariants, Vladimir"]
[Black "Drolet, Stephane"]
[Result "1/2-1/2"]
[WhiteElo "2300"]
[BlackElo "2122"]
[PlyCount "36"]
[GameId "2160767911209125"]
[EventDate "2004.01.??"]
[EventType "tourn"]
[EventRounds "7"]
[EventCountry "CAN"]
[SourceTitle "EXT 2005"]
[Source "ChessBase"]
[SourceDate "2004.11.15"]
[SourceVersion "1"]
[SourceVersionDate "2004.11.15"]
[SourceQuality "1"]

1. e4 Nc6 2. Nf3 e6 3. d4 d5 4. e5 f6 5. Bb5 Bd7 6. exf6 gxf6 7. Nh4 Qe7 8. Qh5+ Qf7 9. Qxf7+ Kxf7 10. c3 Bd6 11. O-O Nge7 12. f4 Rag8 13. Nd2 Ng6 14. Nxg6 hxg6 15. Nf3 Ke8 16. Bd3 Nd8 17. Bd2 a6 18. c4 dxc4 1/2-1/2

[Event "Quebec City-ch"]
[Site "Quebec CAN"]
[Date "2004.01.16"]
[Round "1"]
[White "Vallieres, Mario"]
[Black "Audet-Bouchard, Nicolas"]
[Result "1/2-1/2"]
[WhiteElo "2090"]
[BlackElo "2185"]
[PlyCount "27"]
[GameId "2160767911209126"]
[EventDate "2004.01.??"]
[EventType "tourn"]
[EventRounds "7"]
[EventCountry "CAN"]
[SourceTitle "EXT 2005"]
[Source "ChessBase"]
[SourceDate "2004.11.15"]
[SourceVersion "1"]
[SourceVersionDate "2004.11.15"]
[SourceQuality "1"]

1. d4 d6 2. Nc3 Nf6 3. e4 g6 4. f3 c6 5. a4 Nbd7 6. a5 Bg7 7. Bc4 O-O 8. Nge2 e5 9. O-O exd4 10. Nxd4 d5 11. exd5 Ne5 12. Bb3 cxd5 13. Bg5 Nc6 14. Nxd5 1/2-1/2

[Event "Quebec City-ch"]
[Site "Quebec CAN"]
[Date "2004.01.17"]
[Round "2"]
[White "Audet-Bouchard, Nicolas"]
[Black "Auger, Bertrand"]
[Result "1-0"]
[WhiteElo "2185"]
[BlackElo "2098"]
[PlyCount "55"]
[GameId "2160767911217319"]
[EventDate "2004.01.??"]
[EventType "tourn"]
[EventRounds "7"]
[EventCountry "CAN"]
[SourceTitle "EXT 2005"]
[Source "ChessBase"]
[SourceDate "2004.11.15"]
[SourceVersion "1"]
[SourceVersionDate "2004.11.15"]
[SourceQuality "1"]

1. e4 e6 2. d4 d5 3. Nc3 dxe4 4. Nxe4 Bd7 5. Nf3 Bc6 6. Bd3 Nd7 7. Qe2 Ngf6 8. Neg5 Bxf3 9. Nxf3 Be7 10. Bd2 O-O 11. O-O-O c5 12. h4 Qc7 13. g4 Rfc8 14. c3 cxd4 15. Nxd4 Qb6 16. Kb1 a5 17. g5 Nd5 18. Qe4 g6 19. Bb5 Nc5 20. Qf3 a4 21. h5 Rf8 22. Bc4 e5 23. Nf5 e4 24. Nxe7+ Nxe7 25. Qf6 Qxf6 26. gxf6 Nf5 27. hxg6 hxg6 28. Rdg1 1-0

[Event "Quebec City-ch"]
[Site "Quebec CAN"]
[Date "2004.01.17"]
[Round "2"]
[White "Drolet, Stephane"]
[Black "Plante, Rejean"]
[Result "1-0"]
[WhiteElo "2122"]
[BlackElo "2151"]
[PlyCount "53"]
[GameId "2160767911217320"]
[EventDate "2004.01.??"]
[EventType "tourn"]
[EventRounds "7"]
[EventCountry "CAN"]
[SourceTitle "EXT 2005"]
[Source "ChessBase"]
[SourceDate "2004.11.15"]
[SourceVersion "1"]
[SourceVersionDate "2004.11.15"]
[SourceQuality "1"]

1. d4 d5 2. Nf3 Nf6 3. c4 e6 4. Bg5 Be7 5. e3 O-O 6. Nc3 b6 7. Rc1 h6 8. Bh4 Bb7 9. Bxf6 Bxf6 10. cxd5 exd5 11. b4 c6 12. Bd3 Qd6 13. Qb3 Nd7 14. O-O a5 15. b5 c5 16. Bb1 Rfe8 17. Rfd1 c4 18. Qc2 g6 19. Qd2 Rad8 20. Re1 Bg7 21. Rcd1 Nf6 22. Ne5 Nh7 23. f4 Nf8 24. Rf1 Nd7 25. Rf3 Bxe5 26. fxe5 Nf8 27. exd6 1-0

[Event "Quebec City-ch"]
[Site "Quebec CAN"]
[Date "2004.01.17"]
[Round "2"]
[White "Tremblay, Rejean"]
[Black "Vallieres, Mario"]
[Result "1-0"]
[WhiteElo "2200"]
[BlackElo "2090"]
[PlyCount "71"]
[GameId "2160767911217322"]
[EventDate "2004.01.??"]
[EventType "tourn"]
[EventRounds "7"]
[EventCountry "CAN"]
[SourceTitle "EXT 2005"]
[Source "ChessBase"]
[SourceDate "2004.11.15"]
[SourceVersion "1"]
[SourceVersionDate "2004.11.15"]
[SourceQuality "1"]

1. d4 f5 2. g3 Nf6 3. Bg2 e6 4. Nf3 Be7 5. O-O O-O 6. c4 d6 7. Nc3 a5 8. Qc2 Nc6 9. Rd1 Qe8 10. a3 Qh5 11. Nb5 Bd7 12. Nxc7 Rac8 13. Nxe6 Bxe6 14. d5 Bd7 15. dxc6 Bxc6 16. Bf4 Ng4 17. h3 Bxf3 18. hxg4 Bxg4 19. Bd5+ Kh8 20. f3 Bh3 21. Qd2 g5 22. Be3 f4 23. Bd4+ Bf6 24. g4 Bxg4 25. Bxf6+ Rxf6 26. Qd4 Rcf8 27. fxg4 Qxg4+ 28. Kf1 Qh4 29. Rd3 g4 30. Rad1 Qg5 31. Rb3 f3 32. exf3 Qh4 33. f4 Kg7 34. Kg2 Re8 35. Re3 g3 36. Rh1 1-0

[Event "Quebec City-ch"]
[Site "Quebec CAN"]
[Date "2004.01.17"]
[Round "3"]
[White "Auger, Bertrand"]
[Black "Tremblay, Rejean"]
[Result "1/2-1/2"]
[WhiteElo "2098"]
[BlackElo "2200"]
[PlyCount "32"]
[GameId "2160767911217323"]
[EventDate "2004.01.??"]
[EventType "tourn"]
[EventRounds "7"]
[EventCountry "CAN"]
[SourceTitle "EXT 2005"]
[Source "ChessBase"]
[SourceDate "2004.11.15"]
[SourceVersion "1"]
[SourceVersionDate "2004.11.15"]
[SourceQuality "1"]

1. Nf3 g6 2. g3 Bg7 3. d4 d6 4. Bg2 Nf6 5. O-O O-O 6. c4 Nc6 7. Nc3 Bf5 8. d5 Na5 9. Nd2 c5 10. e4 Bd7 11. Qc2 a6 12. b3 b5 13. Bb2 Rb8 14. cxb5 axb5 15. Nd1 Rc8 16. Ne3 Qb6 1/2-1/2

[Event "Quebec City-ch"]
[Site "Quebec CAN"]
[Date "2004.01.17"]
[Round "3"]
[White "Plante, Rejean"]
[Black "Audet-Bouchard, Nicolas"]
[Result "1-0"]
[WhiteElo "2151"]
[BlackElo "2185"]
[PlyCount "91"]
[GameId "2160767911217325"]
[EventDate "2004.01.??"]
[EventType "tourn"]
[EventRounds "7"]
[EventCountry "CAN"]
[SourceTitle "EXT 2005"]
[Source "ChessBase"]
[SourceDate "2004.11.15"]
[SourceVersion "1"]
[SourceVersionDate "2004.11.15"]
[SourceQuality "1"]

1. Nf3 Nf6 2. g3 c5 3. Bg2 d5 4. d4 cxd4 5. Nxd4 Nc6 6. c4 Qb6 7. Nxc6 bxc6 8. cxd5 cxd5 9. O-O e6 10. b3 Be7 11. Bb2 O-O 12. Nc3 Bb7 13. e3 Rfd8 14. Na4 Qa5 15. Qd4 Rac8 16. Rfc1 Bc6 17. Bc3 Qa6 18. Bf1 Qb7 19. Ba5 Re8 20. Nc5 Bxc5 21. Rxc5 Ne4 22. Rc2 Bb5 23. Rxc8 Rxc8 24. Bg2 Nf6 25. Bc3 Qc7 26. Rc1 e5 27. Qb4 Bd3 28. h3 Qb6 29. Qa3 Qb8 30. Qb2 h6 31. Rd1 Qb5 32. Bxe5 Rc2 33. Qd4 Be2 34. Ra1 Ne4 35. Bxe4 dxe4 36. Qxe4 Bd3 37. Qa8+ Kh7 38. Bd4 Qf5 39. Qg2 Be4 40. g4 Qd5 41. Qg3 Qc6 42. Kh2 a6 43. Qf4 f6 44. Kg3 Bh1 45. Rxh1 Qxh1 46. Qf5+ 1-0

[Event "Quebec City-ch"]
[Site "Quebec CAN"]
[Date "2004.01.17"]
[Round "3"]
[White "Vallieres, Mario"]
[Black "Gaspariants, Vladimir"]
[Result "0-1"]
[WhiteElo "2090"]
[BlackElo "2300"]
[PlyCount "110"]
[GameId "2160767911217326"]
[EventDate "2004.01.??"]
[EventType "tourn"]
[EventRounds "7"]
[EventCountry "CAN"]
[SourceTitle "EXT 2005"]
[Source "ChessBase"]
[SourceDate "2004.11.15"]
[SourceVersion "1"]
[SourceVersionDate "2004.11.15"]
[SourceQuality "1"]

1. d4 Nf6 2. Nc3 d5 3. Bg5 Bf5 4. e3 e6 5. Bd3 Bg6 6. Bxg6 hxg6 7. Qd3 c6 8. Nf3 Be7 9. O-O Nbd7 10. Rfe1 Qc7 11. Bf4 Qb6 12. e4 dxe4 13. Nxe4 Nxe4 14. Qxe4 Nf6 15. Qd3 Nd5 16. Be5 Kf8 17. c4 Nf6 18. Re2 Rd8 19. a3 a5 20. Rae1 Rh5 21. Qc3 a4 22. h3 Qa6 23. Nd2 b5 24. g4 Rh4 25. Qg3 Rh7 26. c5 Qb7 27. f4 Qd7 28. Nf3 Qd5 29. Ng5 Rh8 30. Nf3 Nd7 31. f5 Nxe5 32. Rxe5 Qb3 33. fxg6 Rxd4 34. R5e3 Qxb2 35. Nxd4 Qxd4 36. Qb8+ Bd8 37. Qd6+ Qxd6 38. cxd6 Bb6 39. Kg2 Bxe3 40. Rxe3 Ke8 41. gxf7+ Kxf7 42. Rc3 Rc8 43. Kf3 Ke8 44. Ke4 Kd7 45. Ke5 Rf8 46. h4 Rf1 47. h5 Re1+ 48. Kf4 Kxd6 49. Kg5 c5 50. Rf3 b4 51. axb4 cxb4 52. Rf7 b3 53. Rxg7 b2 54. Rb7 b1=Q 55. Rxb1 Rxb1 0-1

[Event "Quebec City-ch"]
[Site "Quebec CAN"]
[Date "2004.01.23"]
[Round "4"]
[White "Caire, Francois"]
[Black "Vallieres, Mario"]
[Result "1/2-1/2"]
[WhiteElo "2075"]
[BlackElo "2090"]
[PlyCount "107"]
[GameId "2160767911217327"]
[EventDate "2004.01.??"]
[EventType "tourn"]
[EventRounds "7"]
[EventCountry "CAN"]
[SourceTitle "EXT 2005"]
[Source "ChessBase"]
[SourceDate "2004.11.15"]
[SourceVersion "1"]
[SourceVersionDate "2004.11.15"]
[SourceQuality "1"]

1. d4 e6 2. e4 d5 3. exd5 exd5 4. c4 Nf6 5. Nc3 Be7 6. Bd3 O-O 7. Nge2 b6 8. O-O Bb7 9. Qc2 dxc4 10. Bxc4 Nc6 11. Rd1 Nb4 12. Qf5 Qc8 13. Qg5 Qd7 14. a3 Nbd5 15. Qg3 Bd6 16. Qh4 Rfe8 17. Bg5 h6 18. Bxf6 Nxf6 19. d5 a6 20. Nd4 Re5 21. Nf3 Re7 22. Rac1 Rae8 23. Nd4 Re5 24. Nf3 Rh5 25. Qd4 Bc5 26. Qd3 Ng4 27. Rd2 Bd6 28. h3 Ne5 29. Nxe5 Rhxe5 30. Rdd1 b5 31. Bb3 Qe7 32. Bc2 g6 33. Qd2 Kg7 34. Kf1 f5 35. Re1 Rxe1+ 36. Rxe1 Qxe1+ 37. Qxe1 Rxe1+ 38. Kxe1 Kf6 39. Kd2 Ke5 40. b4 g5 41. Kd3 Be7 42. Bb3 Kd6 43. g3 Bf6 44. Bd1 Bxc3 45. Kxc3 Bxd5 46. Kd4 Bc6 47. Bc2 Bd7 48. Bd1 Ke7 49. Ke5 f4 50. gxf4 Bxh3 51. fxg5 hxg5 52. Bf3 Bc8 53. Bc6 Kf7 54. Ke4 1/2-1/2

[Event "Quebec City-ch"]
[Site "Quebec CAN"]
[Date "2004.01.23"]
[Round "4"]
[White "Drolet, Stephane"]
[Black "Audet-Bouchard, Nicolas"]
[Result "1-0"]
[WhiteElo "2122"]
[BlackElo "2185"]
[PlyCount "143"]
[GameId "2160767911217328"]
[EventDate "2004.01.??"]
[EventType "tourn"]
[EventRounds "7"]
[EventCountry "CAN"]
[SourceTitle "EXT 2005"]
[Source "ChessBase"]
[SourceDate "2004.11.15"]
[SourceVersion "1"]
[SourceVersionDate "2004.11.15"]
[SourceQuality "1"]

1. c4 Nf6 2. Nc3 c5 3. Nf3 Nc6 4. e3 d5 5. cxd5 Nxd5 6. d4 cxd4 7. exd4 e6 8. Bd3 Be7 9. O-O O-O 10. Ne4 Nf6 11. Ng3 Qb6 12. b3 Rd8 13. Bb2 Bd7 14. Rc1 Be8 15. Re1 Nd5 16. Bb1 g6 17. Ne4 Bf8 18. Ned2 a5 19. Nc4 Qa7 20. a3 b5 21. Nce5 Nxe5 22. Nxe5 Rac8 23. Qg4 Qb7 24. Qh4 Qe7 25. Qg4 Bh6 26. Rxc8 Rxc8 27. Nd3 Bg7 28. Qf3 Bc6 29. Qd1 Ba8 30. Qd2 b4 31. a4 Nc3 32. Nc5 Qd6 33. Ne4 Qxd4 34. Qxd4 Bxd4 35. Nd6 Rd8 36. Nc4 Nxb1 37. Bxd4 Rxd4 38. Rxb1 Rg4 39. Ne3 Rg5 40. Rc1 Kg7 41. f4 Rh5 42. h3 Bd5 43. Rb1 Be4 44. Rc1 e5 45. fxe5 Rxe5 46. Kf2 Bd3 47. Rc7 g5 48. Rd7 Ba6 49. g4 Bc8 50. Rc7 Be6 51. Nc4 Rd5 52. Ke3 h5 53. gxh5 Bxh3 54. h6+ Kxh6 55. Rxf7 Rf5 56. Ra7 g4 57. Rxa5 Rf3+ 58. Ke4 Rxb3 59. Ne3 g3 60. Ra6+ Kg5 61. Ra5+ Kf6 62. Ra6+ Be6 63. Nd5+ Kf7 64. Nf4 Bd7 65. Ra7 Ke7 66. Nd5+ Kd6 67. Ne3 Rxe3+ 68. Kxe3 g2 69. Kf2 Bc6 70. Ra6 b3 71. Rb6 b2 72. Rxb2 1-0

[Event "Quebec City-ch"]
[Site "Quebec CAN"]
[Date "2004.01.23"]
[Round "4"]
[White "Gaspariants, Vladimir"]
[Black "Auger, Bertrand"]
[Result "1/2-1/2"]
[WhiteElo "2300"]
[BlackElo "2098"]
[PlyCount "105"]
[GameId "2160767911217329"]
[EventDate "2004.01.??"]
[EventType "tourn"]
[EventRounds "7"]
[EventCountry "CAN"]
[SourceTitle "EXT 2005"]
[Source "ChessBase"]
[SourceDate "2004.11.15"]
[SourceVersion "1"]
[SourceVersionDate "2004.11.15"]
[SourceQuality "1"]

1. Nf3 Nf6 2. d4 e6 3. Bg5 Be7 4. Nbd2 d5 5. e3 O-O 6. Bd3 Nbd7 7. O-O b6 8. c4 dxc4 9. Nxc4 Bb7 10. Nce5 Nxe5 11. Nxe5 Nd7 12. Bxe7 Qxe7 13. Qc2 Nxe5 14. dxe5 Qh4 15. f4 Rad8 16. Rad1 c5 17. g3 Qh6 18. Be4 Bd5 19. Bxd5 exd5 20. Qa4 Qe6 21. Rd2 f6 22. Rfd1 fxe5 23. Qxa7 exf4 24. exf4 g5 25. Qb7 d4 26. Qf3 Rde8 27. Rd3 Kh8 28. b3 gxf4 29. gxf4 Rg8+ 30. Kh1 Qe1+ 31. Qf1 Qe4+ 32. Qf3 Qf5 33. Rf1 Rg4 34. h3 Rg6 35. Kh2 Reg8 36. Rd2 Re6 37. Re2 Rge8 38. Rxe6 Qxe6 39. Rf2 Qe3 40. Qxe3 Rxe3 41. Kg2 Kg7 42. Rf3 Re2+ 43. Rf2 Re3 44. Rf3 Rc3 45. Rg3+ Kf6 46. Rg8 Rc2+ 47. Kf3 Rxa2 48. Rf8+ Ke7 49. Rh8 Rb2 50. Rxh7+ Kd6 51. Rh6+ Kc7 52. Rh7+ Kd6 53. Rh6+ 1/2-1/2

[Event "Quebec City-ch"]
[Site "Quebec CAN"]
[Date "2004.01.23"]
[Round "4"]
[White "Tremblay, Rejean"]
[Black "Plante, Rejean"]
[Result "0-1"]
[WhiteElo "2200"]
[BlackElo "2151"]
[PlyCount "88"]
[GameId "2160767911217330"]
[EventDate "2004.01.??"]
[EventType "tourn"]
[EventRounds "7"]
[EventCountry "CAN"]
[SourceTitle "EXT 2005"]
[Source "ChessBase"]
[SourceDate "2004.11.15"]
[SourceVersion "1"]
[SourceVersionDate "2004.11.15"]
[SourceQuality "1"]

1. d4 f5 2. g3 e6 3. Bg2 d5 4. Nf3 Nf6 5. O-O c6 6. c4 Bd6 7. Qc2 O-O 8. Nbd2 Ne4 9. Ne5 Nd7 10. Nd3 Qf6 11. Nf3 g5 12. e3 g4 13. Nfe1 h5 14. f3 Ng5 15. Nf4 Bxf4 16. gxf4 Nf7 17. Nd3 Qg6 18. Kh1 Kh8 19. Rg1 Rg8 20. Bd2 Qh7 21. Nf2 Nf6 22. fxg4 hxg4 23. Rgf1 g3 24. Nh3 gxh2 25. Rf3 Ng4 26. Be1 Rg6 27. Bg3 Nd6 28. Ng5 Qg8 29. Bxh2 Rh6 30. Rh3 Bd7 31. Rxh6+ Nxh6 32. cxd5 exd5 33. Qf2 Ng4 34. Qg3 Qg6 35. Bh3 Re8 36. Bxg4 fxg4 37. f5 Qxg5 38. Qxd6 Bxf5 39. Be5+ Kg8 40. Qc7 Be4+ 41. Kh2 Qh6+ 42. Kg3 Qh3+ 43. Kf4 Rf8+ 44. Kg5 Rf5+ 0-1

[Event "Quebec City-ch"]
[Site "Quebec CAN"]
[Date "2004.01.24"]
[Round "5"]
[White "Audet-Bouchard, Nicolas"]
[Black "Tremblay, Rejean"]
[Result "1-0"]
[WhiteElo "2185"]
[BlackElo "2200"]
[PlyCount "105"]
[GameId "2160767911217331"]
[EventDate "2004.01.??"]
[EventType "tourn"]
[EventRounds "7"]
[EventCountry "CAN"]
[SourceTitle "EXT 2005"]
[Source "ChessBase"]
[SourceDate "2004.11.15"]
[SourceVersion "1"]
[SourceVersionDate "2004.11.15"]
[SourceQuality "1"]

1. e4 c5 2. Nf3 d6 3. d4 cxd4 4. Nxd4 Nf6 5. Nc3 a6 6. Bd3 e5 7. Nde2 Be7 8. O-O Nbd7 9. f4 b5 10. Qe1 O-O 11. h3 Re8 12. a3 Bb7 13. Be3 Bf8 14. fxe5 Nxe5 15. Qf2 d5 16. Rad1 Nxd3 17. Rxd3 Qe7 18. exd5 Nxd5 19. Nxd5 Bxd5 20. Rxd5 Qxe3 21. Qxe3 Rxe3 22. Nc3 Rc8 23. Rfd1 g6 24. Rd8 Rxd8 25. Rxd8 Re1+ 26. Kf2 Rc1 27. Rd2 f5 28. Nd5 Bc5+ 29. Ke2 Rg1 30. Kd3 Re1 31. c4 Ra1 32. cxb5 axb5 33. Nc3 b4 34. axb4 Bxb4 35. Kc4 Bxc3 36. Kxc3 Kg7 37. b4 g5 38. b5 h5 39. b6 Ra8 40. b7 Rb8 41. Rb2 g4 42. Kd4 Kf6 43. Kd5 f4 44. Kc6 Kg5 45. hxg4 hxg4 46. Kc7 Rf8 47. b8=Q Rxb8 48. Kxb8 Kh4 49. Rb3 Kg5 50. Kc7 Kf5 51. Rb4 f3 52. g3 f2 53. Rf4+ 1-0

[Event "Quebec City-ch"]
[Site "Quebec CAN"]
[Date "2004.01.24"]
[Round "5"]
[White "Auger, Bertrand"]
[Black "Caire, Francois"]
[Result "1/2-1/2"]
[WhiteElo "2098"]
[BlackElo "2075"]
[PlyCount "40"]
[GameId "2160767911217332"]
[EventDate "2004.01.??"]
[EventType "tourn"]
[EventRounds "7"]
[EventCountry "CAN"]
[SourceTitle "EXT 2005"]
[Source "ChessBase"]
[SourceDate "2004.11.15"]
[SourceVersion "1"]
[SourceVersionDate "2004.11.15"]
[SourceQuality "1"]

1. Nf3 Nf6 2. g3 d5 3. Bg2 c5 4. O-O Nc6 5. d4 cxd4 6. Nxd4 Qb6 7. Nxc6 bxc6 8. c4 e6 9. Qc2 Be7 10. b3 O-O 11. Bb2 Ba6 12. Nd2 Rab8 13. Rac1 Nd7 14. Rfd1 Rfd8 15. a3 dxc4 16. b4 c5 17. Nxc4 Bxc4 18. Qxc4 cxb4 19. axb4 Qxb4 20. Qxb4 Bxb4 1/2-1/2

[Event "Quebec City-ch"]
[Site "Quebec CAN"]
[Date "2004.01.24"]
[Round "5"]
[White "Plante, Rejean"]
[Black "Gaspariants, Vladimir"]
[Result "0-1"]
[WhiteElo "2151"]
[BlackElo "2300"]
[PlyCount "110"]
[GameId "2160767911217333"]
[EventDate "2004.01.??"]
[EventType "tourn"]
[EventRounds "7"]
[EventCountry "CAN"]
[SourceTitle "EXT 2005"]
[Source "ChessBase"]
[SourceDate "2004.11.15"]
[SourceVersion "1"]
[SourceVersionDate "2004.11.15"]
[SourceQuality "1"]

1. d4 Nf6 2. c4 d6 3. Nc3 e5 4. dxe5 dxe5 5. Qxd8+ Kxd8 6. Nf3 Nbd7 7. g3 c6 8. Bg2 h6 9. O-O Bb4 10. Bd2 a5 11. a3 Bd6 12. Rfd1 Ke7 13. Na4 Bc7 14. Rac1 g5 15. h4 g4 16. Ne1 Nh5 17. e4 Ng7 18. c5 Nf8 19. Nc3 Nfe6 20. Be3 h5 21. Nd3 Rd8 22. Ne2 f6 23. b3 Nd4 24. Nxd4 exd4 25. Bf4 Bxf4 26. Nxf4 Be6 27. Rd3 a4 28. b4 Bb3 29. f3 f5 30. Re1 Kf7 31. exf5 Nxf5 32. Nxh5 Bc4 33. Rd2 gxf3 34. Bxf3 Re8 35. Re4 Rad8 36. Kf2 Rxe4 37. Bxe4 Ne3 38. Nf4 Bb3 39. Ne2 Nc4 40. Rxd4 Rxd4 41. Nxd4 Nxa3 42. g4 Nb5 43. Nc2 Nc3 44. Bd3 Bxc2 45. Bxc2 a3 46. Bb3+ Kg7 47. Kf3 a2 48. Bxa2 Nxa2 49. Kf4 Nxb4 50. Ke5 Na6 51. Kd4 Kf6 52. Kc4 Nc7 53. Kd4 Ne6+ 54. Kc4 Ke5 55. Kb4 Kf4 0-1

[Event "Quebec City-ch"]
[Site "Quebec CAN"]
[Date "2004.01.24"]
[Round "5"]
[White "Vallieres, Mario"]
[Black "Drolet, Stephane"]
[Result "1/2-1/2"]
[WhiteElo "2090"]
[BlackElo "2122"]
[PlyCount "75"]
[GameId "2160767911217334"]
[EventDate "2004.01.??"]
[EventType "tourn"]
[EventRounds "7"]
[EventCountry "CAN"]
[SourceTitle "EXT 2005"]
[Source "ChessBase"]
[SourceDate "2004.11.15"]
[SourceVersion "1"]
[SourceVersionDate "2004.11.15"]
[SourceQuality "1"]

1. d4 d5 2. Nc3 g6 3. Bf4 Bg7 4. e3 Nf6 5. h3 O-O 6. Bd3 b6 7. Nf3 Na6 8. O-O c5 9. Bb5 Bb7 10. Ne5 Nb8 11. Be2 cxd4 12. exd4 a6 13. Re1 Nbd7 14. Bf3 b5 15. a3 Nb6 16. Qe2 e6 17. Rad1 Nfd7 18. b3 Rc8 19. Rd3 Qe7 20. Nxd7 Qxd7 21. Nb1 a5 22. Qd2 Ra8 23. Bh6 Rfc8 24. Bxg7 Kxg7 25. c3 a4 26. b4 Nc4 27. Qg5 Rc7 28. h4 h6 29. Qg3 Qd6 30. Bd1 Qxg3 31. Rxg3 Nd6 32. Bc2 h5 33. f3 Bc8 34. Rg5 Bd7 35. Bd3 Rac8 36. Rc1 Be8 37. Re5 Bd7 38. Kf2 1/2-1/2

[Event "Quebec City-ch"]
[Site "Quebec CAN"]
[Date "2004.01.25"]
[Round "6"]
[White "Caire, Francois"]
[Black "Plante, Rejean"]
[Result "0-1"]
[WhiteElo "2075"]
[BlackElo "2151"]
[PlyCount "60"]
[GameId "2160767911217335"]
[EventDate "2004.01.??"]
[EventType "tourn"]
[EventRounds "7"]
[EventCountry "CAN"]
[SourceTitle "EXT 2005"]
[Source "ChessBase"]
[SourceDate "2004.11.15"]
[SourceVersion "1"]
[SourceVersionDate "2004.11.15"]
[SourceQuality "1"]

1. d4 Nf6 2. c4 e6 3. Nf3 b6 4. Nc3 Bb7 5. Bg5 Be7 6. e3 d5 7. Rc1 Nbd7 8. cxd5 exd5 9. Bd3 O-O 10. O-O c5 11. Bf5 c4 12. Nd2 g6 13. Bb1 a6 14. f3 b5 15. Bh6 Re8 16. e4 Qb6 17. Be3 Bb4 18. Re1 dxe4 19. fxe4 Bxc3 20. bxc3 Bxe4 21. Nxe4 Nxe4 22. Qf3 f5 23. Bf4 Ndf6 24. Be5 Rxe5 25. Kh1 Re7 26. g4 fxg4 27. Qg2 Qe6 28. Rf1 Qd5 29. Kg1 Rf8 30. Rce1 Rfe8 0-1